Cours de botanique / (Record no. 35067)

MARC details
000 -LEADER
campo de control de longitud fija 00787nam a2200241 i 4500
001 - NÚMERO DE CONTROL
campo de control 35067
003 - IDENTIFICADOR DE NÚMERO DE CONTROL
campo de control ES-MaACL
005 - FECHA Y HORA DE LA ÚLTIMA TRANSACCIÓN
campo de control 20250814015820.0
007 - CAMPO FIJO DE DESCRIPCIÓN FÍSICA--INFORMACIÓN GENERAL
campo de control de longitud fija t|
008 - DATOS DE LONGITUD FIJA--INFORMACIÓN GENERAL
campo de control de longitud fija 030211s1936 fr ||||1| fre d
080 ## - NÚMERO DE LA CLASIFICACIÓN DECIMAL UNIVERSAL
Número de la Clasificación Decimal Universal 58
100 1# - ENTRADA PRINCIPAL--NOMBRE DE PERSONA
Nombre de persona Bonnier, Gaston.
9 (RLIN) 30279
245 10 - MENCIÓN DEL TÍTULO
Título Cours de botanique /
Mención de responsabilidad, etc. par Gaston Bonnier, Mathieu Leclerc du Sablon et Raoul Cerighelli ; avec 3810 figures inedits par J. Poinsot et A. Millot.
260 ## - PUBLICACIÓN, DISTRIBUCIÓN, ETC.
Lugar de publicación, distribución, etc. París :
Nombre del editor, distribuidor, etc. [s.n.,
Fecha de publicación, distribución, etc. 1936] (
Lugar de fabricación/manufactura Corbeil :
Fabricante Crété)
300 ## - DESCRIPCIÓN FÍSICA
Extensión 2 v. :
Otras características físicas il. ;
Dimensiones 23 cm.
650 #7 - PUNTO DE ACCESO ADICIONAL DE MATERIA--TÉRMINO DE MATERIA
Término de materia o nombre geográfico como elemento de entrada Botánica
Fuente del encabezamiento o término embne
9 (RLIN) 10610
700 1# - ENTRADA AGREGADA--NOMBRE PERSONAL
Nombre de persona Leclerc du Sablon, Mathieu.
9 (RLIN) 71090
700 1# - ENTRADA AGREGADA--NOMBRE PERSONAL
Nombre de persona Cerighelli, Raoul.
9 (RLIN) 37521
700 1# - ENTRADA AGREGADA--NOMBRE PERSONAL
Nombre de persona Poinsot, J.
9 (RLIN) 92755
700 1# - ENTRADA AGREGADA--NOMBRE PERSONAL
Nombre de persona Millot, A.
9 (RLIN) 81267
852 4# - LOCALIZACIÓN
Ubicación ES-MaACL
Número de control de estantería B-9132-33
Holdings
Estatus retirado Estado de pérdida Estado de daño No para préstamo Biblioteca de origen Biblioteca actual Ubicación en estantería Fecha de adquisición Fuente de adquisición Total de préstamos Signatura topográfica completa Código de barras Visto por última vez Precio de reemplazo Tipo de ítem Koha
        Biblioteca del Ateneo de Madrid Biblioteca del Ateneo de Madrid Sala Pardo Bazán 17/01/2008     B-9132-33 1036659 23/02/2023 23/02/2023 Libro impreso